Physical medicine and rehabilitation : principles and practique, volume 1 (Record no. 18616)
[ view plain ]
| 000 -LEADER | |
|---|---|
| fixed length control field | 00446 a2200181 4500 |
| 035 ## - SYSTEM CONTROL NUMBER | |
| System control number | 9467 |
| 100 ## - VEDETTE PRINCIPALE - NOM DE PERSONNE | |
| Personal name | Delisa, J. A. |
| 260 ## - PUBLICATION, DISTRIBUTION, ETC. (IMPRINT) | |
| Place of publication, distribution, etc | New York |
| 260 ## - PUBLICATION, DISTRIBUTION, ETC. (IMPRINT) | |
| Name of publisher, distributor, etc | Lippincott Williams |
| 250 ## - EDITION STATEMENT | |
| Edition statement | 4ème éd. |
| 245 ## - TITLE STATEMENT | |
| Title | Physical medicine and rehabilitation : principles and practique, volume 1 |
| 260 ## - PUBLICATION, DISTRIBUTION, ETC. (IMPRINT) | |
| Date of publication, distribution, etc | 2004 |
| 300 ## - PHYSICAL DESCRIPTION | |
| Extent | 980 p. |
| 650 ## - SUBJECT ADDED ENTRY--TOPICAL TERM | |
| Topical term or geographic name as entry element | KINESITHERAPIE |
| Withdrawn status | Lost status | Damaged status | Not for loan | Location (home branch) | Sublocation or collection (holding branch) | Date acquired | Koha issues (times borrowed) | Koha full call number | Koha date last seen | Price effective from | Koha item type |
|---|---|---|---|---|---|---|---|---|---|---|---|
| Bibliothèque Faculté des Sciences de la Santé | Bibliothèque Faculté des Sciences de la Santé | 27/02/2009 | WB 320 PHY | 27/02/2009 | 27/02/2009 | Livre |